| 000 | 00344nam a22001337a 4500 | ||
|---|---|---|---|
| 003 | OSt | ||
| 005 | 20250324123649.0 | ||
| 008 | 250324b |||||||| |||| 00| 0 eng d | ||
| 040 | _c | ||
| 082 |
_22 _a004.678 _bERL |
||
| 245 |
_aCloud computing:Concepts technology and architecture _cErl Thomas |
||
| 260 |
_bPearson _c2024 |
||
| 942 |
_2ddc _cBK _e2 _n0 |
||
| 999 |
_c36211 _d36211 |
||